00550nam a22001697a 450000500170000001000120001702000130002903500120004203700160005408200110007010000160008124500960009724600750019326000430026827000460031130000230035720200205160013.0 aA-60578 c40.00a- aA-60578 bDBAD/PUBa- a843.08 aصا د ق  aتر قی پسند تحر يک ا و ر ا ر د و ا فسا نہ (1936-1956)cصا د ق  bTaraqee Pasand Tehreek Aur Urdu Afsana(1936-1956) (Urdu)aby Dr.Sadiqu aN.DelhibAnjuman Taraqui Urduc1993 ء aUrdu Ghar,Raose Avenew,bN.Delhie1k-l- a264 ص c22 Cm(Hb)